000 00532nam a22002171a 4500
001 577
003 OSt
005 20260204211659.0
008 040112s2001||||sp ||||||b||||||||||spa||
020 _a9508020644
050 _a370.194 G165g
082 _a370.194 G165g
100 _aGarcía, Dora
245 _aEl grupo: métodos y técnicas participativas / Dora García
250 _a2
264 _aEspaña : Espacio
300 _a131 p.
500 _aIncluye indice
650 _a1.Educación ComunitariaÌ
942 _2ddc
_cBK
999 _c577
_d577